Použitie nanomagnetitu naneseného na pevných matriciach na degradáciu polutantov vôd diplomová práca

Salvato in:
Dettagli Bibliografici
Autore principale: Čižmárová, Oľga
Natura: Libro
Lingua:slovacco
Pubblicazione: Bratislava STU FCHPT 2017
Accesso online:Visualizza in OPAC
Tags: Aggiungi Tag
Nessun Tag, puoi essere il primo ad aggiungerne!!

MARC

LEADER 00000nam a2200000 a 4500
005 20260127134233.0
008 170814 2017 xo 001 0 slo d
035 |a vtls011706722 
039 9 |y 201708141244  |z mschk03 
040 |a STUSCHK1  |b slo  |c STUSCHK1  |e AACR2 
100 1 |a Čižmárová, Oľga 
245 1 |a Použitie nanomagnetitu naneseného na pevných matriciach na degradáciu polutantov vôd  |b diplomová práca  |c Oľga Čižmárová 
260 |a Bratislava  |b STU FCHPT  |c 2017 
300 |a 77 s.  |b il.  |c 25 cm 
500 |a Študijný program: Technológie ochrany životného prostredia 
500 |a Študijný odbor: chemické technológie 
500 |a Školiace pracovisko: Oddelenie environmentálneho inžinierstva 
500 |a Evid. číslo: FCHPT-100568-42460 
910 |a SCHK95 
999 |c 7466  |d 7466